000 00611nam a2200229Ia 4500
003 OSt
005 20220912150805.0
006 a|||||r|||| 00| 0
007 ta
008 220909b |||||||| |||| 00| 0 eng d
024 _a43733
037 _cTextual
040 _aCSL
_beng
_cCSL
041 _aeng
082 _aG910aF, K7.2
100 _aBlakebrough N Ed.
245 0 _aBiochemical and biological engineering science
260 _aLondon
_bAcademic Press
_c1967
300 _axii, 380p.
_ccm.
942 _hG910aF, K7.2
_cTEXL
_2CC
999 _c55067
_d55067